Responses for Show #5743 - Wednesday, July 22, 2009

Stefan Goodreau game 3.

Contestants

[<< previous game]

Nina Sudhakar, a paralegal originally from Cheshire, Connecticut

Marty Moran, a property manager from Chicago, Illinois

Stefan Goodreau, a video game tester and camp counselor from Los Angeles, California (whose 2-day cash winnings total $36,934)

[next game >>]

Jeopardy! Round responses

CLASSIC LIT
BAY O' WOLF
GULLIBLE TRAVELS
LITTLE WOMEN
PAIR OF DICE, LOST
THE SCARLET LETTERS
    $200 1
Lilliput

Stefan
    $200 4
(Marty: Who is Jack Nicklaus?)
(Alex: Yes. No!)

Jack Nicholson

StefanMarty
    $200 9
Atlantis

Marty
    $200 24
(Alex: [*], Gone with the Wind.)

(Margaret) Mitchell

Marty
    $200 14
12

Triple Stumper
    $200 19
crimson

Nina
    $400 2
Adam

Triple Stumper
    $400 7
Silver Bullet

Marty
    $400 10
Noah's Ark

Stefan
    $400 25
Bonnie Parker

Stefan
    $400 17
3

Stefan
    $400 20
a beet

Stefan
    $600 3
Denmark

Marty
    $600 8
Lycans

Nina
    $600 11
(Stefan: Who is King Midas?)

King Solomon

StefanMarty
    $600 26
Linda Hunt

Triple Stumper
    $600 18
$75

Marty
    $600 21
ruby

Stefan
    $800 5
Jo

Triple Stumper
    $800 15
An American Werewolf in London

Marty
    $800 12
Ponce de Léon

Stefan
    $800 27
(Nina: Who is Hillary Clinton?)
(Marty: Who is Shirley Temple?)

Madeleine Albright

StefanMartyNina
    $800 29
High Rollers

Stefan
    $800 22
brick red

Nina
    $1000 6
Hester Prynne

Stefan
    $1000 16
The Howling

Marty
    $1000 13
(Stefan: What is El Dorado?)

Cibola

StefanMarty
    $1000 28
Mother Teresa

Stefan
    $1000 30
(Alex: If your piece is on [*], and you can't roll the dice to get 'em off [*] and onto the board, you forfeit your turn.)

the bar

Triple Stumper
    $500 23
(Alex: Nina?)
(Nina: Don't know.)

vermillion

Nina

Scores at the first commercial break (after clue 15):

Stefan Marty Nina
$1,000 $3,400 $600

Scores at the end of the Jeopardy! Round:

Stefan Marty Nina
$5,400 $4,400 $300

Double Jeopardy! Round responses

GONE COUNTRY
JUST MISSED THE TOP OF THE CHARTS
MULTIPLE CHOICE
ALPHABETICA
NATURE STUDY
GIMME AN "H"
    $400 30
Persia

Marty
    $400 16
"Material Girl"

Stefan
    $400 8
21

Stefan
    $400 6
shorthand

Stefan
    $400 28
the penguin

Marty
    $400 1
honey

Stefan
    $800 29
Honduras

Marty
    $800 17
"Girls Just Want To Have Fun"

Stefan
    $800 9
(Nina: What is 2?)

44

StefanNina
    $800 7
Morse code

Marty
    $800 27
henna

Nina
    $800 2
hogwash

Stefan
    $1200 23
Abyssinia

Marty
    $1200 18
"Whatever Will Be, Will Be"

Triple Stumper
    $1200 10
70

Stefan
    $1200 13
Hebrew

Marty
    $1200 26
(Marty: What are aphids?)

fungi

Marty
Triple Stumper
    $1200 3
Hungary

Stefan
    $1600 21
(Marty: What is the Holy Roman Empire?)

Prussia

Marty
Triple Stumper
    $1600 19
Frank Sinatra

Triple Stumper
    $1600 11
36

Stefan
    $1600 14
cuneiform

Stefan
    $6,000 25
the killer whale

Marty
    $1600 4
hashish

Stefan
    $1,400 22
(Alex: [*], yes. It merged with Tanganyika to become Tanzania.)

Zanzibar

Stefan
    $2000 20
"Spinning Wheel"

Stefan
    $2000 12
[Applause for Stefan's run of the category]

60

Stefan
    $2000 15
Arabic

Stefan
    $2000 24
fer-de-lance

Marty
    $2000 5
(Stefan: What is a Hundredth Year?)

a Holy Year

Stefan
Triple Stumper

Scores at the end of the Double Jeopardy! Round:

Stefan Marty Nina
$22,000 $14,400 $300

[wagering suggestions for these scores]

Final Jeopardy! Round responses

19th CENTURY PRESIDENTS
NinaWho was Lincoln?
$33
MartyWho is Grant
$13,500
StefanWho is Ulysses S. Grant?
$6,801
Ulysses Grant

Final scores:

Stefan Marty Nina
$28,801 $27,900 $267
3-day champion: $65,735 2nd place: $2,000 3rd place: $1,000

Game dynamics:

Coryat scores:

Stefan Marty Nina
$22,600 $10,000 $800
28 R
(including 1 DD),
3 W
17 R
(including 1 DD),
4 W
4 R,
3 W
(including 1 DD)

Combined Coryat: $33,400

[game clues] [game scores] [suggest correction]

Game tape date: 2009-03-31
The J! Archive is created by fans, for fans. Scraping, republication, monetization, and malicious use prohibited; this site may use cookies and collect identifying information. See terms. The Jeopardy! game show and all elements thereof, including but not limited to copyright and trademark thereto, are the property of Jeopardy Productions, Inc. and are protected under law. This website is not affiliated with, sponsored by, or operated by Jeopardy Productions, Inc. Join the discussion at JBoard.tv.